[Event "TCh-ESP Div 1 2016"]
[Site "Linares ESP"]
[Date "2016.08.21"]
[Round "2"]
[Board "4"]
[White "Matnadze, Ana"]
[Black "Ortega Ruiz, Jose Miguel"]
[Result "1-0"]
[WhiteTitle "IM"]
[BlackTitle "FM"]
[WhiteElo "2355"]
[BlackElo "2278"]
[WhiteTeam "ESCOLA D'ESCACS DE BARCELONA"]
[BlackTeam "AJEDREZ COLLADO VILLALBA"]
[WhiteFideId "13601377"]
[BlackFideId "2209713"]
[EventDate "2016.08.20"]

1. d4 Nf6 2. Nf3 g6 3. g3 Bg7 4. Bg2 O-O 5. O-O d6 6. c4 Nc6 7. Nc3 a6 8. d5 Na5
9. Nd2 c5 10. Rb1 Rb8 11. b3 b5 12. Bb2 e5 13. dxe6 fxe6 14. cxb5 axb5 15. Nde4
Rb6 16. Nxf6+ Bxf6 17. Ne4 Bxb2 18. Rxb2 Qe7 19. Qc1 Bb7 20. Qg5 Qxg5 21. Nxg5
Re8 22. Rc1 b4 23. g4 Bxg2 24. Kxg2 Nb7 25. Ne4 Ra8 26. Rd2 Ra5 27. g5 Rba6 28.
Rd3 Rxa2 29. Rh3 Kg7 30. Nf6 h5 31. gxh6+ Kxf6 32. h7 Ra8 33. h8=Q+ Rxh8 34.
Rxh8 Na5 35. Rd1 Nxb3 36. Rxd6 c4 37. Rc8 c3 38. e3 Rd2 39. Rdc6 Ke5 40. Rc4 Nc1
41. Rxb4 c2 42. Rd4 Nd3 43. Kg3 Rd1 44. Rxc2 Rg1+ 45. Kh3 Ne1 46. Rc5+ Kf6 47.
Rf4+ Kg7 48. Rc7+ Kh6 49. Rh4+ Kg5 50. Rc5+ Kf6 51. Rf4+ Kg7 52. Rg4 Rf1 53.
Rc7+ Kh6 54. Rh4+ Kg5 55. Rf7 1-0

[Event "TCh-ESP Div 1 2016"]
[Site "Linares ESP"]
[Date "2016.08.21"]
[Round "2"]
[Board "1"]
[White "Alsina Leal, Daniel"]
[Black "Petkov, Vladimir"]
[Result "1-0"]
[WhiteTitle "GM"]
[BlackTitle "GM"]
[WhiteElo "2521"]
[BlackElo "2497"]
[WhiteTeam "CLUB D'ESCACS BARBERA"]
[BlackTeam "C.A. SILLA"]
[WhiteFideId "2252627"]
[BlackFideId "2901188"]
[EventDate "2016.08.20"]

1. e4 e5 2. Nf3 Nc6 3. Bb5 Nf6 4. d3 d6 5. O-O Be7 6. Re1 Bd7 7. c3 O-O 8. Nbd2
Re8 9. Nf1 h6 10. a4 Bf8 11. Bd2 Ne7 12. Bxd7 Qxd7 13. Ng3 Ng6 14. d4 c6 15. Qc2
Rad8 16. Rad1 Qc7 17. Bc1 a6 18. b3 d5 19. dxe5 Nxe5 20. Nxe5 Qxe5 21. f4 Bc5+
22. Kh1 Qe6 23. e5 Ng4 24. Re2 h5 25. h3 h4 26. f5 Qe7 27. f6 Qe6 28. Nh5 Nxe5
29. Nxg7 Qxf6 30. Nxe8 Rxe8 31. Qd2 Re6 32. Qg5+ Ng6 33. Qxf6 Rxf6 34. Be3 Bd6
35. Bd4 Rf4 36. Kg1 b5 37. Rf1 c5 38. Rxf4 Nxf4 39. Re8+ Kh7 40. Be5 Ne2+ 41.
Kf2 Bxe5 42. Kxe2 Bxc3 43. axb5 axb5 44. Rb8 b4 45. Kd3 Kg6 46. Rd8 c4+ 47. bxc4
dxc4+ 48. Kxc4 Kf5 49. Rg8 Be1 50. Kd3 Bg3 51. Rg4 Ke5 52. Re4+ Kd5 53. Rxb4 f5
54. Rb5+ Ke6 55. Ke3 Kf6 56. Kd4 Bf2+ 57. Kd5 Be3 58. Ra5 Bf2 59. Ra6+ Kg5 60.
Ke6 Kf4 61. Ra3 Be3 62. Rxe3 Kxe3 63. Kxf5 Kf2 64. Ke4 1-0

[Event "TCh-ESP Div 1 2016"]
[Site "Linares ESP"]
[Date "2016.08.21"]
[Round "2"]
[Board "2"]
[White "Oliva Castaneda, Kevel"]
[Black "Alonso Moyano, Jonathan"]
[Result "1-0"]
[WhiteTitle "IM"]
[BlackTitle "IM"]
[WhiteElo "2491"]
[BlackElo "2406"]
[WhiteTeam "C.A. SILLA"]
[BlackTeam "CLUB D'ESCACS BARBERA"]
[WhiteFideId "3500799"]
[BlackFideId "2216019"]
[EventDate "2016.08.20"]

1. Nf3 f5 2. d3 d6 3. e4 e5 4. Nc3 Nf6 5. exf5 Bxf5 6. d4 Nbd7 7. Be2 Qe7 8. Nh4
Be6 9. d5 Bf7 10. Nf5 Qd8 11. O-O h6 12. f4 g6 13. fxe5 dxe5 14. Ng3 Bc5+ 15.
Kh1 Qe7 16. Nge4 O-O-O 17. Bc4 Rdf8 18. Qe2 Nxe4 19. Nxe4 Nb6 20. Bd2 g5 21. Bb3
Kb8 22. Nxc5 Qxc5 23. c4 Bg6 24. Be3 Qe7 25. c5 Nc8 26. Rfc1 Rd8 27. c6 Nb6 28.
Bc5 Qf6 29. Rf1 Qg7 30. Rad1 Be8 31. d6 bxc6 32. dxc7+ Kxc7 33. Qa6 1-0

[Event "TCh-ESP Div 1 2016"]
[Site "Linares ESP"]
[Date "2016.08.21"]
[Round "2"]
[Board "3"]
[White "Martinez Ramirez, Erik"]
[Black "Granero Roca, Antonio"]
[Result "0-1"]
[WhiteTitle "FM"]
[BlackTitle "IM"]
[WhiteElo "2285"]
[BlackElo "2417"]
[WhiteTeam "CLUB D'ESCACS BARBERA"]
[BlackTeam "C.A. SILLA"]
[WhiteFideId "22202366"]
[BlackFideId "2210509"]
[EventDate "2016.08.20"]

1. e4 c6 2. d4 d5 3. Nd2 dxe4 4. Nxe4 Bf5 5. Ng3 Bg6 6. Bc4 e6 7. N1e2 Bd6 8. h4
h6 9. Nf4 Bxf4 10. Bxf4 Nf6 11. c3 Nbd7 12. Bd3 Bxd3 13. Qxd3 Qa5 14. b4 Qb5 15.
Qxb5 cxb5 16. a4 bxa4 17. Rxa4 Nb6 18. Ra5 Nfd5 19. Bd2 Ke7 20. Ke2 Rhc8 21. Rc1
Nc4 22. Rc5 b6 23. Rxc8 Rxc8 24. Nf1 Kd6 25. g3 Kc6 26. Be1 Kb5 27. Kd3 f5 28.
Rc2 Rd8 29. f3 e5 30. Bf2 Nf6 31. Ke2 e4 32. f4 Nd5 33. Be1 h5 34. Ra2 Ra8 35.
Kd1 a5 36. Kc2 a4 37. Bd2 Rc8 38. Be1 Nxb4+ 39. cxb4 Ne3+ 40. Kb1 Nxf1 41. Re2
Rc4 42. g4 hxg4 43. d5 Rd4 44. Bc3 Rxd5 45. Bxg7 Ng3 46. Rg2 Nh5 47. Be5 Rd3 0-1

[Event "TCh-ESP Div 1 2016"]
[Site "Linares ESP"]
[Date "2016.08.21"]
[Round "2"]
[Board "4"]
[White "Garcia Trobat, Francisco"]
[Black "Martin Capitan, Feliciano"]
[Result "1-0"]
[WhiteTitle "FM"]
[WhiteElo "2238"]
[BlackElo "2116"]
[WhiteTeam "C.A. SILLA"]
[BlackTeam "CLUB D'ESCACS BARBERA"]
[WhiteFideId "2200678"]
[BlackFideId "2223562"]
[EventDate "2016.08.20"]

1. d4 Nf6 2. c4 e6 3. Nc3 d5 4. Bg5 Nbd7 5. cxd5 exd5 6. e3 Be7 7. Qc2 O-O 8.
Bd3 Re8 9. Nge2 c6 10. g4 Nf8 11. h3 Ne4 12. Bxe7 Qxe7 13. Bxe4 dxe4 14. Ng3 Be6
15. Ngxe4 Rad8 16. O-O-O Bxa2 17. Ng3 Be6 18. Rhe1 Qh4 19. Nf5 Bxf5 20. gxf5 Nd7
21. Rg1 Nf6 22. Rg3 Kh8 23. Rdg1 Rg8 24. Qb3 Rd7 25. Qa3 a6 26. Qc5 Ne4 27. Nxe4
Qxe4 28. Rxg7 Rgd8 29. f6 Qf3 30. Qc2 Qh5 31. Qe4 Rg8 32. R7g6 Ra8 33. R6g5 Qd1+
34. Kxd1 1-0

[Event "TCh-ESP Div 1 2016"]
[Site "Linares ESP"]
[Date "2016.08.21"]
[Round "2"]
[Board "1"]
[White "Cordova, Emilio"]
[Black "Grandelius, Nils"]
[Result "1/2-1/2"]
[WhiteTitle "GM"]
[BlackTitle "GM"]
[WhiteElo "2627"]
[BlackElo "2641"]
[WhiteTeam "OROMANA SCHNEIDER ELECTRIC"]
[BlackTeam "CAC BENIAJAN - DUOCHESS"]
[WhiteFideId "3801497"]
[BlackFideId "1710400"]
[EventDate "2016.08.20"]

1. Nf3 d5 2. g3 g6 3. Bg2 Bg7 4. O-O Nf6 5. c4 O-O 6. d4 dxc4 7. Na3 c3 8. bxc3
c5 9. e3 Nc6 10. Bb2 Qb6 11. Qe2 Bf5 12. Rfd1 Rfd8 13. h3 Rac8 14. Ne1 Be4 15.
f3 Bf5 16. Nc4 Qa6 17. Bf1 Be6 18. Rdc1 Rc7 19. g4 Rdc8 20. Nd2 Qxe2 21. Bxe2
Na5 22. Kf2 cxd4 23. cxd4 Rxc1 24. Bxc1 Nd5 25. Nb3 Nxb3 26. axb3 Nc3 27. Bd3
Bxb3 28. Bd2 Nd1+ 29. Ke2 Nb2 30. Rxa7 Bd1+ 31. Kf2 Bf6 32. Rxb7 Bh4+ 33. Kg2
Nxd3 34. Nxd3 Rc2 35. Rb2 Rxb2 36. Nxb2 Be2 37. Na4 f5 38. gxf5 gxf5 39. Ba5 Bb5
40. Nc5 Bg5 41. Kf2 Bh4+ 42. Kg2 Bg5 43. e4 fxe4 44. Nxe4 Be3 45. Bb4 Bxd4 46.
Bxe7 Bc6 47. Bh4 Kf7 48. Ng5+ Kg6 49. Ne6 Be5 50. Bg3 Bf6 51. Bf2 1/2-1/2

[Event "TCh-ESP Div 1 2016"]
[Site "Linares ESP"]
[Date "2016.08.21"]
[Round "2"]
[Board "2"]
[White "Mchedlishvili, Mikheil"]
[Black "Fernandez Romero, Ernesto"]
[Result "1-0"]
[WhiteTitle "GM"]
[BlackTitle "IM"]
[WhiteElo "2609"]
[BlackElo "2477"]
[WhiteTeam "CAC BENIAJAN - DUOCHESS"]
[BlackTeam "OROMANA SCHNEIDER ELECTRIC"]
[WhiteFideId "13600966"]
[BlackFideId "2214679"]
[EventDate "2016.08.20"]

1. c4 Nf6 2. d4 e6 3. Nf3 b6 4. a3 c5 5. d5 Ba6 6. Qc2 exd5 7. cxd5 g6 8. Nc3
Bg7 9. g3 O-O 10. Bg2 d6 11. O-O Re8 12. Re1 b5 13. e4 Nbd7 14. h3 Qc8 15. Bf4
b4 16. Na4 Bb5 17. axb4 cxb4 18. Qb1 Ne5 19. Nxe5 dxe5 20. Be3 Nd7 21. Bf1 Bxf1
22. Rxf1 Qb7 23. b3 f5 24. Nc5 Nxc5 25. Bxc5 a5 26. Qd3 Bf8 27. Rfc1 Qa6 28. Qe3
f4 29. Qf3 fxg3 30. Qxg3 Qe2 31. Be3 a4 32. Rxa4 Rxa4 33. bxa4 b3 34. Qg4 Qxg4+
35. hxg4 Ra8 36. Rb1 Rxa4 37. Rxb3 Rxe4 38. g5 Ra4 39. Rb7 Ra5 40. Rd7 Bc5 41.
Kg2 Bxe3 42. fxe3 Kf8 43. Kf3 Ke8 44. Rd6 Ke7 45. Re6+ Kd7 46. e4 Ra1 47. Rxe5
Rg1 48. Ke3 Rg4 49. Kf2 Rh4 50. Kg3 Rh5 51. Kf4 Rh4+ 52. Ke3 Rg4 53. Kd4 Rg1 54.
Re6 Rxg5 55. Ra6 h5 56. e5 Rg1 57. e6+ Ke7 58. Ra7+ Kf8 59. d6 Rd1+ 60. Ke5 h4
61. Ra8+ Kg7 62. e7 Re1+ 63. Kf4 1-0

[Event "TCh-ESP Div 1 2016"]
[Site "Linares ESP"]
[Date "2016.08.21"]
[Round "2"]
[Board "3"]
[White "Teran Alvarez, Ismael"]
[Black "Ibarra Jerez, Jose Carlos"]
[Result "0-1"]
[WhiteTitle "IM"]
[BlackTitle "GM"]
[WhiteElo "2413"]
[BlackElo "2563"]
[WhiteTeam "OROMANA SCHNEIDER ELECTRIC"]
[BlackTeam "CAC BENIAJAN - DUOCHESS"]
[WhiteFideId "2204177"]
[BlackFideId "2226332"]
[EventDate "2016.08.20"]

1. d4 Nf6 2. Nf3 d5 3. c4 e6 4. Nc3 Be7 5. Bg5 O-O 6. e3 h6 7. Bh4 b6 8. Rc1 Bb7
9. cxd5 Nxd5 10. Bxe7 Qxe7 11. Bd3 c5 12. Nxd5 Bxd5 13. dxc5 Rd8 14. O-O bxc5
15. Qe2 Bxa2 16. Ne5 Bd5 17. Bb5 a6 18. Ba4 Ra7 19. Rfd1 Rc7 20. e4 Bb7 21.
Rxd8+ Qxd8 22. Rd1 Qg5 23. Nf3 Qe7 24. Ne5 Qg5 25. Nf3 Qe7 26. Ne5 Nc6 27. Bxc6
Bxc6 28. Nxc6 Rxc6 29. e5 c4 30. Qe4 Qc7 31. g3 Rb6 32. Rd2 Rb5 33. Qa8+ Rb8 34.
Qe4 Rb5 35. Qa8+ Kh7 36. Qe4+ g6 37. f4 Qb6+ 38. Qd4 Rxb2 39. Qxb6 Rxb6 40. Rd6
Rxd6 41. exd6 c3 42. d7 c2 43. d8=Q c1=Q+ 44. Kg2 Qb2+ 45. Kh3 Kg7 46. Qa5 Qb5
47. Qc3+ Kh7 48. Qc7 Qh5+ 49. Kg2 Qf5 50. h3 g5 51. fxg5 hxg5 52. g4 Qe4+ 53.
Kg1 Qd4+ 54. Kg2 Kg7 55. Qc1 Qe4+ 56. Kg1 Qe5 57. Kg2 a5 58. Qc2 Qd4 59. Qc1
Qd5+ 60. Kg1 Qe5 61. Qa3 Qd4+ 62. Kg2 a4 63. Qe7 Qb2+ 64. Kg3 Qc1 65. Qa7 Qc3+
66. Kg2 a3 67. Qe7 Qd2+ 68. Kg3 Qe3+ 0-1

[Event "TCh-ESP Div 1 2016"]
[Site "Linares ESP"]
[Date "2016.08.21"]
[Round "2"]
[Board "4"]
[White "Pardo Simon, David"]
[Black "Barrero Garcia, Carlos"]
[Result "1-0"]
[WhiteTitle "IM"]
[BlackTitle "IM"]
[WhiteElo "2492"]
[BlackElo "2355"]
[WhiteTeam "CAC BENIAJAN - DUOCHESS"]
[BlackTeam "OROMANA SCHNEIDER ELECTRIC"]
[WhiteFideId "2296276"]
[BlackFideId "2219522"]
[EventDate "2016.08.20"]

1. d4 Nf6 2. Nf3 g6 3. c4 Bg7 4. Nc3 O-O 5. g3 c5 6. Bg2 cxd4 7. Nxd4 Nc6 8. O-O
Qa5 9. e3 d6 10. h3 Bd7 11. Qe2 Rac8 12. Bd2 Qb6 13. Nxc6 bxc6 14. b3 Be6 15.
Rac1 Nd7 16. Kh2 a5 17. e4 Nc5 18. f4 Rfd8 19. Qf3 Bd7 20. Rfd1 Be8 21. Rb1 Qa6
22. Bf1 Qa8 23. Be1 Rb8 24. Bg2 Ne6 25. Bf2 Qb7 26. Rd3 Qb4 27. Na4 c5 28. Nc3
Bc6 29. Nd5 Qb7 30. f5 Nd4 31. Bxd4 Bxd4 32. Rf1 e6 33. fxe6 fxe6 34. Nf4 Qe7
35. Qg4 Bd7 36. Qd1 Rf8 37. h4 Be5 38. Bh3 Rf6 39. Rdf3 Rbf8 40. Qd2 Bc6 41. Qe3
a4 42. Bxe6+ Rxe6 43. Nxe6 Rxf3 44. Qxf3 h6 45. Qf8+ Qxf8 46. Rxf8+ Kh7 47. bxa4
Bxa4 48. Rf7+ Kg8 49. Rf8+ Kh7 50. Rf7+ Kg8 51. Ra7 Bc6 52. a4 Bxe4 53. a5 Bd3
54. a6 Bxc4 55. Nc7 Bd3 56. Ra8+ Kf7 57. a7 Be4 58. Rb8 c4 59. Rb4 1-0

[Event "TCh-ESP Div 1 2016"]
[Site "Linares ESP"]
[Date "2016.08.21"]
[Round "2"]
[Board "1"]
[White "Garcia Castro, Pablo"]
[Black "Glavina, Pablo"]
[Result "0-1"]
[WhiteTitle "IM"]
[BlackTitle "IM"]
[WhiteElo "2356"]
[BlackElo "2378"]
[WhiteTeam "UNIVERSIDAD DE VIGO"]
[BlackTeam "STADIUM CASABLANCA"]
[WhiteFideId "2209365"]
[BlackFideId "100234"]
[EventDate "2016.08.20"]

1. b3 e5 2. Bb2 d6 3. e3 g6 4. Nf3 Bg7 5. d4 e4 6. Nfd2 Nf6 7. c4 O-O 8. Nc3 Re8
9. h3 c5 10. dxc5 dxc5 11. Qc2 Nc6 12. O-O-O Qe7 13. g4 Nb4 14. Qb1 h6 15. a3
Nd3+ 16. Bxd3 exd3 17. Qxd3 Rd8 18. Qc2 b5 19. cxb5 Bb7 20. Rhe1 Bg2 21. f3 Bxh3
22. Nc4 h5 23. g5 Ne8 24. f4 Nc7 25. a4 Bg4 26. Rxd8+ Rxd8 27. Na5 Qe6 28. Nb7
Rc8 29. Nxc5 Qb6 30. N3e4 Ne6 31. Bxg7 Nxc5 32. Nxc5 Qxc5 33. Qxc5 Rxc5+ 34. Kb2
Kxg7 35. Ka3 h4 36. Kb4 Rc2 37. a5 h3 38. b6 axb6 39. a6 h2 40. a7 Bf3 41. e4
Ra2 0-1

[Event "TCh-ESP Div 1 2016"]
[Site "Linares ESP"]
[Date "2016.08.21"]
[Round "2"]
[Board "2"]
[White "Villuendas Valero, Adrian"]
[Black "Guerra Bastida, Diego"]
[Result "1-0"]
[WhiteTitle "FM"]
[BlackTitle "IM"]
[WhiteElo "2329"]
[BlackElo "2322"]
[WhiteTeam "STADIUM CASABLANCA"]
[BlackTeam "UNIVERSIDAD DE VIGO"]
[WhiteFideId "2262460"]
[BlackFideId "2201089"]
[EventDate "2016.08.20"]

1. d4 e6 2. Nf3 f5 3. Bf4 Nf6 4. e3 Bd6 5. Bxd6 cxd6 6. Be2 O-O 7. c4 b6 8. Nc3
Bb7 9. O-O Nc6 10. Nd2 Qe7 11. Bf3 Rac8 12. Qa4 Ba8 13. Rac1 g5 14. Qa3 g4 15.
Be2 a5 16. Qb3 Rb8 17. Rfd1 Kh8 18. Nb5 Nb4 19. a3 Nc6 20. Bd3 h5 21. e4 fxe4
22. Nxe4 Nxd4 23. Nxd4 Bxe4 24. Bxe4 Nxe4 25. Qe3 Qh7 26. f3 gxf3 27. Nxf3 Rbc8
28. Re1 Nc5 29. Rcd1 Rf5 30. Rxd6 Rcf8 31. Rd2 a4 32. Nh4 Rf4 33. Qe5+ Kg8 34.
Qg5+ Qg7 35. Qxg7+ Kxg7 36. Nf3 Rxc4 37. Ne5 Rcf4 38. Nxd7 Nxd7 39. Rxd7+ R8f7
40. Rd6 e5 41. Rxb6 Rf2 42. h3 R2f5 43. Rb4 Re7 44. Rxa4 Kf6 45. Rf1 Rxf1+ 46.
Kxf1 Rc7 47. Re4 Kf5 48. Re2 e4 49. Kf2 Ke5 50. b4 Rc3 51. Rb2 Kd4 52. b5 Rxa3
53. b6 Ra8 54. b7 Rb8 55. Ke2 Kc3 56. Rb1 Kd4 57. g4 hxg4 58. hxg4 e3 59. g5 Ke5
60. Kxe3 Kf5 61. Rb5+ Kg6 62. Kd4 1-0

[Event "TCh-ESP Div 1 2016"]
[Site "Linares ESP"]
[Date "2016.08.21"]
[Round "2"]
[Board "3"]
[White "Rodriguez Lopez, Rafael"]
[Black "Gomez Anadon, Daniel"]
[Result "1-0"]
[WhiteTitle "IM"]
[BlackTitle "FM"]
[WhiteElo "2270"]
[BlackElo "2221"]
[WhiteTeam "UNIVERSIDAD DE VIGO"]
[BlackTeam "STADIUM CASABLANCA"]
[WhiteFideId "2204495"]
[BlackFideId "2218151"]
[EventDate "2016.08.20"]

1. d4 d5 2. c4 e6 3. Nc3 c6 4. Nf3 Nf6 5. e3 Nbd7 6. Qc2 Bd6 7. b3 O-O 8. Be2
dxc4 9. bxc4 e5 10. O-O Re8 11. a4 exd4 12. exd4 Nf8 13. h3 Ng6 14. Rd1 Qa5 15.
c5 Bf4 16. Rb1 Qc7 17. Bf1 Be6 18. Ng5 Rad8 19. Nxe6 Rxe6 20. Bc4 Re7 21. Ba3
Red7 22. Ne2 Nd5 23. Qb3 Nge7 24. Nxf4 Qxf4 25. Bc1 Qf6 26. Be3 h6 27. a5 a6 28.
Rd3 Re8 29. Qb2 Nf5 30. Bxd5 cxd5 31. Bf4 Qh4 32. Bg3 Nxg3 33. Rxg3 Re4 34. Kh2
Rde7 35. Rd1 Qf4 36. Qd2 Qc7 37. Kg1 Re2 38. Qc3 R7e4 39. Rf3 Rf4 40. g3 Rxf3
41. Qxf3 Re4 42. Qc3 Qd7 43. Kg2 Qb5 44. Re1 Qe8 45. Rb1 Qd7 46. Rb4 h5 47. Qb2
Re7 48. h4 g6 49. Rb6 Kg7 50. Qb3 Qf5 51. Qf3 Qe4 52. Qxe4 Rxe4 53. Rxb7 Rxd4
54. Rb6 Rc4 55. c6 Kf8 56. Rxa6 Rc5 57. Kf3 Ke8 58. Ke3 Kd8 59. Kd4 Rc2 60. Kxd5
Rxf2 61. Ra8+ Kc7 62. Ra7+ Kc8 63. a6 Rd2+ 64. Kc5 Rc2+ 65. Kd6 Rd2+ 66. Ke7 Rc2
67. Ra8+ Kc7 68. a7 Ra2 69. Kxf7 Kxc6 70. Rc8+ Kd5 1-0

[Event "TCh-ESP Div 1 2016"]
[Site "Linares ESP"]
[Date "2016.08.21"]
[Round "2"]
[Board "4"]
[White "Cortes Lizano, Jesus"]
[Black "Padeiro, Jose"]
[Result "1/2-1/2"]
[BlackTitle "FM"]
[WhiteElo "2159"]
[BlackElo "2285"]
[WhiteTeam "STADIUM CASABLANCA"]
[BlackTeam "UNIVERSIDAD DE VIGO"]
[WhiteFideId "2260808"]
[BlackFideId "1901311"]
[EventDate "2016.08.20"]

1. e4 c6 2. Nc3 d5 3. Nf3 Bg4 4. h3 Bxf3 5. Qxf3 e6 6. g3 Nf6 7. Bg2 dxe4 8.
Nxe4 Nxe4 9. Qxe4 Qd5 10. b3 Nd7 11. Bb2 Nc5 12. Qf3 Qxf3 13. Bxf3 a5 14. Ke2
Rg8 15. Rhb1 Bd6 16. a3 Ke7 17. Bc3 e5 18. Kf1 Kd7 19. Re1 Rge8 20. d4 exd4 21.
Bxd4 Rxe1+ 22. Rxe1 g6 23. Bc3 Ne6 24. a4 Bc5 25. Bf6 Be7 26. Bc3 Bc5 27. h4 h5
28. Bg2 Ke7 29. Bh3 f5 30. Kg1 Bb4 31. Bxb4+ axb4 32. Bf1 Kf6 33. Rd1 Rd8 34.
Rxd8 Nxd8 35. Bc4 Ne6 36. Kf1 Nd4 37. Bd3 g5 38. hxg5+ Kxg5 39. Kg2 f4 40. Be4
b6 41. Kf1 c5 42. Kg2 h4 43. gxh4+ Kxh4 44. Kf1 Kg5 45. Ke1 Kf6 46. Kd2 Ke5 47.
Bh7 Ne6 48. Kd3 Ng5 49. Bg6 Nh3 50. f3 Ng5 51. Bh5 Kd5 52. Bg6 Kd6 53. Bh5 Kd5
54. Bg6 Kd6 55. Be4 Ke5 56. Bb7 Kd6 57. Be4 Ke5 58. Bb7 Nf7 59. Ba8 1/2-1/2

[Event "TCh-ESP Div 1 2016"]
[Site "Linares ESP"]
[Date "2016.08.22"]
[Round "3"]
[Board "1"]
[White "Glavina, Pablo"]
[Black "Granda Zuniga, Julio E"]
[Result "0-1"]
[WhiteTitle "IM"]
[BlackTitle "GM"]
[WhiteElo "2378"]
[BlackElo "2672"]
[WhiteTeam "STADIUM CASABLANCA"]
[BlackTeam "AJEDREZ COLLADO VILLALBA"]
[WhiteFideId "100234"]
[BlackFideId "3800024"]
[EventDate "2016.08.20"]

1. e4 c6 2. Nc3 d5 3. Nf3 Nf6 4. e5 Ne4 5. Ne2 Bg4 6. Nfg1 Nc5 7. d4 Nca6 8. h3
Bd7 9. Nf3 e6 10. Nf4 Be7 11. a3 c5 12. c4 dxc4 13. Bxc4 cxd4 14. Nxd4 Qa5+ 15.
Bd2 Qxe5+ 16. Nde2 O-O 17. Bc3 Qc7 18. Qd3 Rc8 19. Ba2 Nc5 20. Qe3 Nc6 21. Bb1
Bf8 22. O-O e5 23. Nd5 Qd6 24. Ba2 Qg6 25. b4 Na4 26. Bd2 Bd6 27. Ng3 Nd4 28.
Rac1 Be6 29. Ne4 Rxc1 30. Rxc1 Nb6 31. Nec3 Rc8 32. Nxb6 axb6 33. Bb1 f5 34. f4
Bf7 35. Rf1 Re8 36. Qd3 Rd8 37. Be3 Bc7 38. Bxd4 Rxd4 39. Qxf5 Qxf5 40. Bxf5
exf4 41. Nb5 Rd5 42. Rc1 Bd8 43. Rc8 g6 44. Nc3 Rd2 45. Be4 Kg7 46. Bd5 Bxd5 47.
Rxd8 Rxg2+ 48. Kf1 Bf3 49. Rd3 Rg3 50. Kf2 Bc6 51. Rxg3 fxg3+ 52. Kxg3 b5 53.
Kf4 Kf6 54. h4 h6 55. Ne2 g5+ 56. hxg5+ hxg5+ 57. Ke3 Ke5 58. Nc3 g4 59. Ne2 Be8
60. Nc3 Bd7 61. Ne4 Bc6 62. Ng3 Kd5 63. Kf4 Bd7 64. Ne4 Be6 65. Nc5 b6 66. Ne4 0-1

[Event "TCh-ESP Div 1 2016"]
[Site "Linares ESP"]
[Date "2016.08.22"]
[Round "3"]
[Board "2"]
[White "Vazquez Igarza, Renier"]
[Black "Villuendas Valero, Adrian"]
[Result "1-0"]
[WhiteTitle "GM"]
[BlackTitle "FM"]
[WhiteElo "2589"]
[BlackElo "2329"]
[WhiteTeam "AJEDREZ COLLADO VILLALBA"]
[BlackTeam "STADIUM CASABLANCA"]
[WhiteFideId "3503054"]
[BlackFideId "2262460"]
[EventDate "2016.08.20"]

1. d4 e6 2. Nf3 Nf6 3. c4 Bb4+ 4. Bd2 a5 5. Nc3 b6 6. g3 Bb7 7. Bg2 O-O 8. Qc2
d6 9. b3 Nbd7 10. O-O Bxc3 11. Bxc3 Qe7 12. Rfe1 Be4 13. Qb2 Rfe8 14. Bf1 Bb7
15. Nd2 c5 16. e4 cxd4 17. Bxd4 e5 18. Bc3 Nc5 19. Qc2 Bc6 20. Rad1 Qb7 21. f3
Red8 22. a4 Ne8 23. Bh3 Bd7 24. Bg2 Be6 25. Nf1 Rac8 26. Ne3 g6 27. f4 f6 28.
Rf1 Qc7 29. Rb1 Rd7 30. h4 Rf7 31. Kh2 Rb8 32. Rf2 Rb7 33. Rbf1 Qd8 34. f5 Bd7
35. Ng4 Rg7 36. Bd2 Kh8 37. Bh6 Rg8 38. Be3 Bc8 39. Nh6 Rgg7 40. g4 gxf5 41.
exf5 Rbc7 42. g5 Bb7 43. g6 Qe7 44. Bxb7 Rxb7 45. h5 e4 46. Qc3 Rc7 47. Ng4 Rg8
48. Bd4 Nd7 49. Qe3 Ne5 50. Qxe4 d5 51. Qxe5 1-0

[Event "TCh-ESP Div 1 2016"]
[Site "Linares ESP"]
[Date "2016.08.22"]
[Round "3"]
[Board "3"]
[White "Gomez Anadon, Daniel"]
[Black "Moreno Ruiz, Javier"]
[Result "0-1"]
[WhiteTitle "FM"]
[BlackTitle "IM"]
[WhiteElo "2221"]
[BlackElo "2438"]
[WhiteTeam "STADIUM CASABLANCA"]
[BlackTeam "AJEDREZ COLLADO VILLALBA"]
[WhiteFideId "2218151"]
[BlackFideId "2203146"]
[EventDate "2016.08.20"]

1. c4 Nf6 2. g3 g6 3. Bg2 Bg7 4. Nc3 O-O 5. e3 d6 6. Nge2 c5 7. O-O Nc6 8. d4
cxd4 9. exd4 Bf5 10. h3 h5 11. b3 e5 12. dxe5 dxe5 13. Bg5 Qc8 14. Bxf6 Bxf6 15.
Nd5 Bg7 16. Kh2 Qd7 17. Nec3 Rad8 18. Qd2 f6 19. Rad1 Qf7 20. Qb2 Rfe8 21. Ne3
Be6 22. Ne4 Qf8 23. Qc1 Bh6 24. h4 Kh7 25. c5 f5 26. Ng5+ Bxg5 27. hxg5 f4 28.
Nd5 Bxd5 29. Rxd5 Rxd5 30. Bxd5 Qf5 31. Qc4 Rf8 32. gxf4 Nd4 33. Qc3 Qd7 34. Bg2
Rxf4 35. Qh3 Qe7 36. Qg3 Rg4 37. Qe3 Nf5 38. Qd2 Rd4 39. Qc1 Rf4 40. Bh3 Qxg5
41. Qc3 Nd4 42. f3 Qf6 43. Kg2 e4 0-1

[Event "TCh-ESP Div 1 2016"]
[Site "Linares ESP"]
[Date "2016.08.22"]
[Round "3"]
[Board "4"]
[White "Ortega Ruiz, Jose Miguel"]
[Black "Cortes Lizano, Jesus"]
[Result "1/2-1/2"]
[WhiteTitle "FM"]
[WhiteElo "2278"]
[BlackElo "2159"]
[WhiteTeam "AJEDREZ COLLADO VILLALBA"]
[BlackTeam "STADIUM CASABLANCA"]
[WhiteFideId "2209713"]
[BlackFideId "2260808"]
[EventDate "2016.08.20"]

1. d4 Nf6 2. Nf3 g6 3. c4 Bg7 4. Nc3 O-O 5. e4 d6 6. Be2 e5 7. dxe5 dxe5 8. Qxd8
Rxd8 9. Bg5 Re8 10. O-O-O Na6 11. Ne1 Nc5 12. f3 c6 13. Nc2 a5 14. Be3 Ne6 15.
Rd2 Nf4 16. Bf1 Bf8 17. Na4 Nd7 18. Na1 Ne6 19. Nb3 c5 20. g3 Nd4 21. f4 exf4
22. Bxf4 Ne6 23. Bh3 Nxf4 24. Bxd7 Bxd7 25. Rxd7 Ng2 26. Nbxc5 Rac8 27. Nxb7
Rxe4 28. b3 Re2 29. Kb1 Ne3 30. Nc3 Rg2 31. Re1 Nf5 32. Re2 Rxe2 33. Nxe2 Re8
34. Nc3 h5 35. c5 Bg7 36. Nb5 Re1+ 37. Kc2 Ne3+ 38. Kd2 Rd1+ 39. Kxe3 Rxd7 40.
c6 Re7+ 41. Kf3 Be5 42. Nxa5 g5 43. b4 g4+ 44. Kf2 f5 45. Nc4 Bb8 46. Nc3 f4 47.
b5 fxg3+ 48. hxg3 Rf7+ 49. Kg2 Rf5 50. Ne3 Rf3 51. Ncd5 Rxg3+ 52. Kf2 Rf3+ 53.
Ke2 Kf7 54. b6 Ke6 55. c7 Bxc7 56. bxc7 Kd7 57. Nc4 Rf8 58. Ncb6+ Kc6 59. c8=Q+
Rxc8 60. Nxc8 Kxd5 61. Ne7+ Kc5 62. Kd3 Kb4 63. Nd5+ 1/2-1/2

[Event "TCh-ESP Div 1 2016"]
[Site "Linares ESP"]
[Date "2016.08.22"]
[Round "3"]
[Board "1"]
[White "Grandelius, Nils"]
[Black "Garcia Castro, Pablo"]
[Result "1-0"]
[WhiteTitle "GM"]
[BlackTitle "IM"]
[WhiteElo "2641"]
[BlackElo "2356"]
[WhiteTeam "CAC BENIAJAN - DUOCHESS"]
[BlackTeam "UNIVERSIDAD DE VIGO"]
[WhiteFideId "1710400"]
[BlackFideId "2209365"]
[EventDate "2016.08.20"]

1. e4 g6 2. d4 Bg7 3. Nf3 d6 4. Bc4 e6 5. Bb3 a6 6. O-O Nd7 7. Re1 Ne7 8. Nbd2
O-O 9. Nf1 b5 10. Ng3 c5 11. c3 Bb7 12. Bf4 e5 13. Be3 exd4 14. cxd4 Nc6 15. Rb1
Rc8 16. d5 Nce5 17. Nxe5 Nxe5 18. f4 Nd7 19. Bc2 b4 20. b3 Qh4 21. Qf3 Nf6 22.
h3 Nd7 23. Bd3 Rce8 24. Bf2 Qf6 25. Nf1 h5 26. Ne3 Bh6 27. Bg3 Qd8 28. Nc4 Nb6
29. Nxb6 Qxb6 30. Bc4 Qd8 31. e5 Bg7 32. Qf2 Qc7 33. Rbd1 Kh8 34. Kh1 Qb6 35.
Qd2 Bc8 36. Re3 Qd8 37. Qf2 Bh6 38. Rf3 Kh7 39. Re1 Bb7 40. Bh4 Qb6 41. Bf6 Bc8
42. Qh4 Qc7 43. g4 dxe5 44. fxe5 1-0